Normal view
MARC view
- الشعر المسرحي - تاريخ ونقد - جوانب نفسية
Entry Topical Term
001 - CONTROL NUMBER
- control field: 39276
003 - CONTROL NUMBER IDENTIFIER
- control field: JO-AjAnu
005 - DATE AND TIME OF LATEST TRANSACTION
- control field: 20230606080531.0
008 - FIXED-LENGTH DATA ELEMENTS
- fixed length control field: 230606|| aca||aabn | a|a d
040 ## - CATALOGING SOURCE
- Original cataloging agency: JO-AjAnu
- Transcribing agency: JO-AjAnu
150 ## - HEADING--TOPICAL TERM
- Topical term or geographic name entry element: الشعر المسرحي - تاريخ ونقد - جوانب نفسية
670 ## - SOURCE DATA FOUND
- Source citation: Work cat.: (JO-AjAnu)20142: تأليف حنورة، مصري عبد الحميد, author 39275, الأسس النفسية للإبداع الفني في الشعر المسرحي